000 00693nam a2200193Ia 4500
003 GCL
008 140319s9999 xx 000 0 ara d
040 _aGCL /
_cGCL
082 0 4 _a833.03
_bب ن
100 1 _aعزه حسين كبه (مترجم)
245 1 0 _aالنورس جوناثان ليفنكستون (هدية من الاديب عبدالفتاح الجمل) /
_cعزه حسين كبه (مترجم)
700 1 _aباخ، ريتشارد
700 1 _aشفيعة الداغستانى
300 _a88 ص
490 _aالمائة كتاب
_v0
650 0 4 _aالقصص الالمانية المترجمة
650 0 4 _aالادب الالمانى المترجم
942 _2ddc
_cBK
999 _c47639
_d47639